000 00565nam a2200217Ia 4500
005 20250923150125.0
008 008 250917s9999 xx 000 0 eng d
037 _aTextual
040 _aDSWL
_beng
_cDSWL
041 _aeng
_2eng
084 _qDSWL
100 _aVeera, Raghavan V
_9842486
245 0 _aAnxiety Disorders
_c by Raghavan V Veera
260 _aNew Delhi
_b Sage Publication India
_c2002
300 _a178p.
365 _aINR
_b395
700 _a Shalini SINGH
_9842487
925 _g395
942 _cTEXL
999 _c1459815
_d1459815